[Event "32nd GER-ch Seniors-50 2020"]
[Site "Magdeburg"]
[Date "2020.08.20"]
[Round "7.1"]
[White "Koehler, Gerhard"]
[Black "Lundin, Jan"]
[Result "0-1"]
[WhiteElo "2213"]
[BlackElo "2321"]
[Annotator "TA"]
[PlyCount "100"]
[EventDate "2020.08.14"]
[EventType "swiss"]
[EventCountry "GER"]
[SourceTitle "playchess.com"]
[Source "ChessBase"]
[SourceQuality "1"]

{[%evp 9,100,6,35,8,6,17,54,33,37,-1,-4,-11,-7,-52,-7,-17,-26,-32,-14,-31,-40,-35,-36,-70,-41,-48,-15,-22,-2,0,-9,-7,0,0,-10,0,0,-23,-25,-25,-19,-23,-29,-24,0,0,0,0,0,0,0,0,0,0,0,0,0,0,0,0,0,0,0,-220,-231,-512,-487,-958,-1077,-1064,-1043,-1008,-891,-5462,-343,-343,-240,-779,-655,-1473,-1388,-1500,-1420,-2140,-2080,-1963,-1649,-7116,-4625,-29989,-29988,-29990,-29988]} 1. c4 e5 2. g3 Nf6 3. Bg2 c6 4. Nf3 e4 5. Nd4 Qb6 6. e3 {A20: English Opening: 1...e5.} d5 7. Nc3 Na6 8. O-O {White is slightly better.} Nc5 {[#]} 9. Na4 $146 ({Predecessor:} 9. cxd5 cxd5 10. Na4 Nxa4 11. Qxa4+ Bd7 12. Qd1 Bc5 13. Nb3 Bd6 14. d4 O-O 15. Bd2 {0-1 (67) Soric,R (2045)-Muratovic,E (2207) Zadar 2015}) 9... Qa6 10. Nxc5 Bxc5 11. Nb3 Be7 12. cxd5 cxd5 13. Nd4 h5 14. Qe2 (14. d3 {is interesting.} h4 15. dxe4 Nxe4 16. g4 h3 17. Bf3) 14... Qxe2 15. Nxe2 h4 16. Re1 h3 17. Bf1 Ng4 18. d4 Bd7 19. Nc3 Nf6 20. Bd2 O-O-O 21. a3 Kb8 22. Na2 Rc8 23. Rec1 Rxc1 24. Rxc1 a6 25. Bb4 Bxb4 26. Nxb4 Bb5 27. Bxb5 axb5 $11 {[%mdl 4096] Endgame KRN-KRN} 28. Na2 Rc8 29. Rxc8+ Kxc8 {KN-KN} 30. Nc3 b4 31. axb4 Kc7 32. Kf1 Kd6 33. Ne2 Kc6 34. Nf4 Kb5 $1 {[%cal Rb5b4]} 35. Nxh3 Kxb4 36. Ng5 $2 {White is on the road to losing.} (36. Nf4 $1 $11) 36... Kb3 37. Nxf7 $2 (37. f3) 37... b5 $1 $19 38. Nd8 (38. g4 $142 Nxg4 39. h3 Nh2+ 40. Kg2) 38... Kxb2 39. Nc6 Kc3 40. Ke2 b4 41. Kd1 Ng4 $2 (41... b3 {( -> ...b2)} 42. Kc1 Ng4 $1 {[%mdl 512]}) 42. Ne7 Nxf2+ 43. Kc1 $2 {[#]} (43. Ke2 b3 44. Nxd5+ (44. Kxf2 $2 b2 $19) 44... Kc2 45. Nb6) 43... Kc4 $1 44. Nf5 g6 45. Ne7 Ng4 $1 {[%csl LRe3,LRh2]} 46. Nxg6 Kc3 47. Nf4 Nxe3 48. h4 b3 {[%cal Bb4b3,Bb3b2][%mdl 32]} 49. h5 {[#]} b2+ $1 50. Kb1 Nc4 {Accuracy: White = 49%, Black = 88%.} 0-1

[Event "32nd GER-ch Seniors-50 2020"]
[Site "Magdeburg"]
[Date "2020.08.20"]
[Round "7.2"]
[White "Pirrot, Dieter"]
[Black "Vatter, Hans-Joachim"]
[Result "1/2-1/2"]
[WhiteElo "2319"]
[BlackElo "2204"]
[Annotator "ChessBase"]
[PlyCount "142"]
[EventDate "2020.08.14"]
[EventType "swiss"]
[EventCountry "GER"]
[SourceTitle "playchess.com"]
[Source "ChessBase"]
[SourceQuality "1"]
[TimeControl "40/5400+30:1800+30"]

1. e4 {[%emt 0:00:00]} e5 {[%emt 0:00:00]} 2. Nf3 {[%emt 0:00:00]} Nc6 {[%emt 0:00:00]} 3. Bc4 {[%emt 0:00:17]} Bc5 {[%emt 0:00:01]} 4. O-O {[%emt 0:00:19]} Nf6 {[%emt 0:01:57]} 5. d4 {[%emt 0:00:09]} Bxd4 {[%emt 0:01:47]} 6. Nxd4 {[%emt 0:00:11]} Nxd4 {[%emt 0:01:37]} 7. f4 {[%emt 0:03:13]} d6 {[%emt 0:00:11]} 8. c3 {[%emt 0:00:11]} Ne6 {[%emt 0:02:30]} 9. f5 {[%emt 0:02:42]} Nc5 {[%emt 0:02:11]} 10. Nd2 {[%emt 0:00:40]} c6 {[%emt 0:04:16]} 11. Qf3 {[%emt 0:14:01]} a5 {[%emt 0:20:12]} 12. b4 {[%emt 0:09:47]} axb4 {[%emt 0:00:35]} 13. cxb4 {[%emt 0:00:09]} Na4 {[%emt 0:02:45]} 14. Kh1 {[%emt 0:02:47]} b5 {[%emt 0:02:00]} 15. Bd3 {[%emt 0:11:02]} Qe7 {[%emt 0:12:28]} 16. Nb3 {[%emt 0:04:48]} h6 {[%emt 0:01:16]} 17. a3 {[%emt 0:11:01]} Bd7 {[%emt 0:04:49]} 18. Qg3 {[%emt 0:12:31]} c5 {[%emt 0:05:05]} 19. Na5 {[%emt 0:01:02]} Kf8 {[%emt 0:02:01]} 20. Bc2 {[%emt 0:01:09]} Kg8 {[%emt 0:00:40]} 21. Qh4 {[%emt 0:09:01]} Rc8 {[%emt 0:02:37]} 22. Bxa4 {[%emt 0:02:46]} bxa4 {[%emt 0:00:06]} 23. Bd2 {[%emt 0:03:14]} Rc7 {[%emt 0:04:24]} 24. Rae1 {[%emt 0:01:24]} Bb5 {[%emt 0:02:14]} 25. Rf3 {[%emt 0:00:15]} c4 {[%emt 0:02:19]} 26. Bc3 {[%emt 0:01:03]} Kh7 {[%emt 0:04:18]} 27. g4 {[%emt 0:01:38]} Kg8 {[%emt 0:02:37]} 28. Qg3 {[%emt 0:00:55]} Kf8 {[%emt 0:00:31]} 29. h3 {[%emt 0:00:21]} Ke8 {[%emt 0:01:09]} 30. Qf2 {[%emt 0:01:23]} Nd7 {[%emt 0:01:57]} 31. Rd1 {[%emt 0:02:08]} h5 {[%emt 0:00:29]} 32. g5 {[%emt 0:00:24]} Qxg5 {[%emt 0:00:07]} 33. Rxd6 {[%emt 0:00:27]} Rh6 {[%emt 0:00:07]} 34. Rd5 {[%emt 0:00:34]} Bc6 {[%emt 0:01:08]} 35. Nxc6 {[%emt 0:00:39]} Rhxc6 {[%emt 0:00:19]} 36. b5 {[%emt 0:01:56]} Rc5 {[%emt 0:07:18]} 37. b6 {[%emt 0:00:28]} R7c6 {[%emt 0:00:53]} 38. b7 {[%emt 0:01:14]} Qd8 {[%emt 0:03:36]} 39. Bxe5 {[%emt 0:02:12]} Rxd5 {[%emt 0:02:12]} 40. exd5 {[%emt 0:00:12]} Rb6 {[%emt 0:00:08]} 41. Bxg7 {[%emt 0:06:21]} Rb1+ {[%emt 0:06:46]} 42. Kg2 {[%emt 0:01:00]} Qg5+ {[%emt 0:00:47]} 43. Rg3 {[%emt 0:03:54]} Qc1 {[%emt 0:00:20]} 44. Re3+ {[%emt 0:13:03]} Kd8 {[%emt 0:00:21]} 45. b8=Q+ {[%emt 0:00:24]} Rxb8 {[%emt 0:01:42]} 46. d6 {[%emt 0:06:47]} f6 {[%emt 0:03:56]} 47. Qe2 {[%emt 0:01:29]} Kc8 {[%emt 0:05:15]} 48. Re8+ {[%emt 0:00:08]} Kb7 {[%emt 0:00:05]} 49. Qe4+ {[%emt 0:00:08]} Ka7 {[%emt 0:02:10]} 50. Qd4+ {[%emt 0:00:15]} Ka6 {[%emt 0:01:24]} 51. Rxb8 {[%emt 0:00:24]} Nxb8 {[%emt 0:01:19]} 52. Bxf6 {[%emt 0:01:13]} Qc2+ {[%emt 0:00:17]} 53. Kg3 {[%emt 0:00:20]} Qxf5 {[%emt 0:01:51]} 54. Qxc4+ {[%emt 0:00:09]} Kb7 {[%emt 0:00:18]} 55. Qb4+ {[%emt 0:00:53]} Kc8 {[%emt 0:00:15]} 56. Qc3+ {[%emt 0:00:23]} Kb7 {[%emt 0:00:13]} 57. Qf3+ {[%emt 0:00:29]} Qxf3+ {[%emt 0:00:19]} 58. Kxf3 {[%emt 0:00:05]} Kc6 {[%emt 0:00:11]} 59. Be7 {[%emt 0:00:11]} Kd7 {[%emt 0:03:27]} 60. Kg3 {[%emt 0:00:08]} Nc6 {[%emt 0:00:22]} 61. Bf8 {[%emt 0:00:55]} Ne5 {[%emt 0:00:44]} 62. Be7 {[%emt 0:00:33]} Nc4 {[%emt 0:02:44]} 63. Kh4 {[%emt 0:00:12]} Nxa3 {[%emt 0:00:02]} 64. Kxh5 {[%emt 0:00:16]} Nc4 {[%emt 0:00:08]} 65. Kg6 {[%emt 0:00:35]} Nxd6 {[%emt 0:00:43]} 66. Bf6 {[%emt 0:00:12]} a3 {[%emt 0:03:58]} 67. h4 {[%emt 0:00:17]} Ke6 {[%emt 0:00:13]} 68. h5 {[%emt 0:00:28]} Nf7 {[%emt 0:00:32]} 69. Bc3 {[%emt 0:01:20]} a2 {[%emt 0:00:09]} 70. Bb2 {[%emt 0:00:19]} Ne5+ {[%emt 0:00:28]} 71. Kg7 {[%emt 0:00:20]} Ng4 {[%emt 0:00:06]} 1/2-1/2

[Event "32nd GER-ch Seniors-50 2020"]
[Site "Magdeburg"]
[Date "2020.08.20"]
[Round "7.3"]
[White "Pitschka, Claus"]
[Black "Biebinger, Gerhard"]
[Result "0-1"]
[WhiteElo "2158"]
[BlackElo "2226"]
[Annotator "ChessBase"]
[PlyCount "123"]
[EventDate "2020.08.14"]
[EventType "swiss"]
[EventCountry "GER"]
[SourceTitle "playchess.com"]
[Source "ChessBase"]
[SourceQuality "1"]
[TimeControl "40/5400+30:1800+30"]

1. d4 {[%emt 0:00:00]} e6 {[%emt 0:00:00]} 2. e4 {[%emt 0:01:10]} d5 {[%emt 0:00:00]} 3. Nd2 {[%emt 0:00:05]} Nf6 {[%emt 0:00:03]} 4. e5 {[%emt 0:00:07]} Nfd7 {[%emt 0:00:07]} 5. Bd3 {[%emt 0:00:19]} c5 {[%emt 0:01:57]} 6. c3 {[%emt 0:00:20]} cxd4 {[%emt 0:00:29]} 7. cxd4 {[%emt 0:00:16]} Nc6 {[%emt 0:00:04]} 8. Ne2 {[%emt 0:02:17]} Nb6 {[%emt 0:00:07]} 9. O-O {[%emt 0:02:34]} Bd7 {[%emt 0:02:09]} 10. f4 {[%emt 0:01:21]} Nb4 {[%emt 0:10:22]} 11. Bb1 {[%emt 0:05:21]} Nc4 {[%emt 0:00:09]} 12. Nf3 {[%emt 0:05:02]} h5 {[%emt 0:05:06]} 13. a3 {[%emt 0:02:48]} Nc6 {[%emt 0:00:08]} 14. Nc3 {[%emt 0:23:43]} g6 {[%emt 0:03:40]} 15. b3 {[%emt 0:07:22]} N4a5 {[%emt 0:02:16]} 16. Be3 {[%emt 0:04:55]} Qb6 {[%emt 0:07:36]} 17. Bc2 {[%emt 0:00:24]} Ne7 {[%emt 0:01:05]} 18. b4 {[%emt 0:07:00]} Nc4 {[%emt 0:00:36]} 19. Bf2 {[%emt 0:00:03]} Nf5 {[%emt 0:01:11]} 20. Re1 {[%emt 0:01:16]} Be7 {[%emt 0:02:05]} 21. Na4 {[%emt 0:00:59]} Bxa4 {[%emt 0:15:11]} 22. Bxa4+ {[%emt 0:00:10]} Kf8 {[%emt 0:00:19]} 23. Bc2 {[%emt 0:01:05]} Qd8 {[%emt 0:00:33]} 24. Nd2 {[%emt 0:02:12]} b5 {[%emt 0:07:45]} 25. Nb3 {[%emt 0:01:48]} a5 {[%emt 0:01:17]} 26. Nc5 {[%emt 0:00:18]} a4 {[%emt 0:02:44]} 27. Re2 {[%emt 0:06:05]} Qc7 {[%emt 0:00:57]} 28. Qe1 {[%emt 0:00:54]} Kg7 {[%emt 0:04:36]} 29. Bxf5 {[%emt 0:03:09]} gxf5 {[%emt 0:00:16]} 30. Bh4 {[%emt 0:00:07]} Rag8 {[%emt 0:02:05]} 31. Rc1 {[%emt 0:06:37]} Qd8 {[%emt 0:02:25]} 32. Bxe7 {[%emt 0:01:52]} Qxe7 {[%emt 0:00:03]} 33. Rc3 {[%emt 0:00:43]} h4 {[%emt 0:01:21]} 34. Nd3 {[%emt 0:03:51]} Kf8 {[%emt 0:00:29]} 35. Nf2 {[%emt 0:00:11]} Rh5 {[%emt 0:04:07]} 36. Nh3 {[%emt 0:00:14]} Ke8 {[%emt 0:01:05]} 37. Ng5 {[%emt 0:01:25]} Rhxg5 {[%emt 0:00:54]} 38. fxg5 {[%emt 0:00:21]} Qxg5 {[%emt 0:00:10]} 39. Rh3 {[%emt 0:01:23]} Rh8 {[%emt 0:01:38]} 40. Rc2 {[%emt 0:02:39]} Qg4 {[%emt 0:00:45]} 41. Rd3 {[%emt 0:33:20]} Kd7 {[%emt 0:32:03]} 42. Qe2 {[%emt 0:01:49]} Qe4 {[%emt 0:00:28]} 43. Qxe4 {[%emt 0:00:00]} dxe4 {[%emt 0:00:00]} 44. Rh3 {[%emt 0:00:00]} Kc6 {[%emt 0:00:00]} 45. g3 {[%emt 0:00:00]} Kd5 {[%emt 0:00:00]} 46. Rxh4 {[%emt 0:00:00]} Rf8 {[%emt 0:00:00]} 47. Rf2 {[%emt 0:00:00]} Kxd4 {[%emt 0:00:00]} 48. g4 {[%emt 0:00:00]} Rg8 {[%emt 0:00:00]} 49. Kh1 {[%emt 0:00:00]} Kxe5 {[%emt 0:10:20]} 50. gxf5 {[%emt 0:00:00]} exf5 {[%emt 0:00:08]} 51. Rh5 {[%emt 0:00:00]} Ne3 {[%emt 0:01:55]} 52. h3 {[%emt 0:00:00]} Rc8 {[%emt 0:01:07]} 53. Rh7 {[%emt 0:00:00]} Ke6 {[%emt 0:01:41]} 54. Rh6+ {[%emt 0:00:00]} f6 {[%emt 0:00:47]} 55. Rh7 {[%emt 0:00:00]} Nc4 {[%emt 0:01:00]} 56. Rc2 {[%emt 0:02:43]} Rb8 {[%emt 0:01:10]} 57. Rc3 {[%emt 0:01:49]} f4 {[%emt 0:00:21]} 58. Rc7 {[%emt 0:02:29]} Ke5 {[%emt 0:00:45]} 59. Rd7 {[%emt 0:01:13]} f3 {[%emt 0:00:25]} 60. Kg1 {[%emt 0:00:59]} f5 {[%emt 0:00:24]} 61. Kf2 {[%emt 0:01:10]} Rh8 62. Rd6 0-1

[Event "32nd GER-ch Seniors-50 2020"]
[Site "Magdeburg"]
[Date "2020.08.20"]
[Round "7.4"]
[White "Becker, Michael"]
[Black "Gebhardt, Ulrich"]
[Result "1/2-1/2"]
[WhiteElo "2275"]
[BlackElo "2059"]
[Annotator "TA"]
[PlyCount "76"]
[EventDate "2020.08.14"]
[EventType "swiss"]
[EventCountry "GER"]
[SourceTitle "playchess.com"]
[Source "ChessBase"]
[SourceQuality "1"]

{[%evp 20,76,-4,-31,0,-43,-46,-41,-15,-72,-56,-116,-32,-43,-26,-34,-49,-33,-45,-27,-25,-70,-58,-56,-16,-25,0,0,0,0,18,15,84,72,70,61,85,0,0,0,0,0,0,0,0,0,0,0,0,0,0,0,0,0,0,0,0,0,0]} 1. e4 e5 2. Nf3 Nc6 3. d4 exd4 4. Nxd4 Nf6 5. Nxc6 bxc6 6. e5 Qe7 7. Qe2 Nd5 8. c4 Nb6 9. b3 g6 10. Bb2 Bg7 11. Nd2 O-O {C45: Scotch Game.} 12. f4 d6 13. g3 dxe5 {Black is slightly better.} 14. Bg2 {[#]} (14. Bxe5 $11 {keeps the balance.} Bxe5 15. Qxe5 Qxe5+ 16. fxe5) 14... Bg4 $1 $17 {[%mdl 512]} 15. Qe3 (15. Bf3 $15 e4 16. Bxg7 Bxf3 17. Nxf3 (17. Bxf8 Qf6 $17) 17... Kxg7 18. Nd4) (15. Qxg4 exf4+) 15... Rfe8 (15... Qb4 $17 {Threatens to win with ...exf4.} 16. Bxe5 Rad8) 16. O-O $15 exf4 {[%mdl 64] Discovered Attack} 17. Qxe7 Rxe7 18. Bxg7 Kxg7 19. Rxf4 Rd8 {[#]} 20. Ne4 $146 ({Predecessor:} 20. c5 Nd5 21. Rxg4 Nf6 22. Re4 Nxe4 23. Nxe4 f5 24. Ng5 h6 25. Nf3 Re2 26. a3 {0-1 (53) Socko,B (2435)-Grabarczyk,M (2480) Sopot 1997}) 20... Bf5 21. Nc5 Re5 22. Na6 Rd2 23. Rf2 $1 {[%cal Rf2d2]} Rxf2 24. Kxf2 Bc8 25. Nb4 c5 {[#]} (25... Bd7 $11 {remains equal.}) 26. Nc6 $1 $16 {[%cal Rc6e5][%mdl 1024] White has strong compensation.} Rf5+ 27. Kg1 a6 {[#]} 28. Re1 (28. a4 $1 $16) 28... Rf6 $1 $11 {The position is equal.} 29. Re7 Rd6 30. Rxc7 Rd1+ 31. Kf2 Rd2+ 32. Kf1 Rxa2 33. Nd8 Rb2 34. Nxf7 {Hoping for Nd6+.} Kf6 35. Nd6 Rb1+ 36. Kf2 Rb2+ 37. Kf1 Rb1+ 38. Kf2 Rb2+ {Accuracy: White = 83%, Black = 73%.} 1/2-1/2

[Event "32nd GER-ch Seniors-50 2020"]
[Site "Magdeburg"]
[Date "2020.08.20"]
[Round "7.5"]
[White "Wenner, Tobias"]
[Black "Kahe, Ralph"]
[Result "0-1"]
[WhiteElo "2119"]
[BlackElo "2165"]
[Annotator "TA"]
[PlyCount "88"]
[EventDate "2020.08.14"]
[EventType "swiss"]
[EventCountry "GER"]
[SourceTitle "playchess.com"]
[Source "ChessBase"]
[SourceQuality "1"]

{[%evp 24,88,35,0,14,0,15,-30,-13,-8,0,-31,-11,-100,-75,-108,-107,-157,-169,-156,-150,-167,-145,-128,-28,-144,-153,-252,-206,-216,-229,-210,-203,-222,-176,-301,-319,-301,-328,-585,-602,-594,-598,-593,-259,-570,-572,-641,-627,-741,-693,-741,-702,-699,-685,-877,-792,-818,-780,-866,-870,-5106,-5939,-5381,-5197,-5214,-840]} 1. Nf3 g6 2. c4 Bg7 3. d4 c5 4. d5 d6 5. e4 Nf6 6. Bd3 e6 7. O-O exd5 8. cxd5 O-O 9. Nc3 Bg4 10. h3 Bxf3 11. Qxf3 a6 12. a4 Nbd7 13. Qe2 Re8 {A70: Modern Benoni: 6 e4 g6 7 Nf3.} 14. Bg5 Qc7 15. Qd2 c4 {[#] Black has an edge.} 16. Bc2 $146 ({Predecessor:} 16. Be2 Nxe4 17. Nxe4 Rxe4 18. Rac1 b5 19. Bf3 Ree8 20. a5 Nc5 21. b4 Nb3 22. Qf4 Nxc1 23. Rxc1 {0-1 (33) Pijuan Vila,L-Psakhis,L (2625) Andorra 1995}) 16... Nc5 {[%cal Rf6e4]} 17. Rfe1 Nfd7 18. Rad1 (18. a5 $11 {keeps the balance.}) 18... Qb6 19. Bb1 Qb4 20. f4 Nxa4 21. Nxa4 Qxa4 22. e5 dxe5 23. f5 {[#]} Qb5 ({Black should try} 23... e4 $1 $17 24. Rxe4 (24. Bxe4 c3) 24... Rxe4 25. Bxe4 Re8) 24. fxg6 (24. d6 $1 $11) 24... hxg6 $17 ({Much less strong is} 24... fxg6 25. d6 $15) 25. Bh6 (25. d6 $17) 25... Qc5+ 26. Kh1 Qd6 27. Re4 b5 28. Rh4 Qf8 29. Rf1 {[#]} (29. Bg5 {is a better defense.}) 29... Bxh6 $1 $19 30. Rxh6 {Hoping for Bxg6!} Qg7 31. Bxg6 $2 (31. Rh4 {might work better.}) 31... fxg6 32. Qg5 Rf8 33. Rxg6 Rxf1+ 34. Kh2 Rf7 {Black is clearly winning.} 35. h4 Re8 36. h5 {Threatens to win with h6.} Nf8 37. Rxg7+ Rxg7 38. Qe3 e4 39. Kh3 Nh7 40. h6 Rg5 41. d6 {[#]} Re6 $1 {[%cal Re6h6][%mdl 64] Double Attack} 42. g4 Rxh6+ 43. Kg3 Rxd6 44. Qxe4 Rdg6 {Accuracy: White = 30%, Black = 74%.} 0-1

[Event "32nd GER-ch Seniors-50 2020"]
[Site "Magdeburg"]
[Date "2020.08.20"]
[Round "7.6"]
[White "Loew, Gerald"]
[Black "Schober, Ralf"]
[Result "1-0"]
[WhiteElo "2152"]
[BlackElo "2030"]
[Annotator "ChessBase"]
[PlyCount "93"]
[EventDate "2020.08.14"]
[EventType "swiss"]
[EventCountry "GER"]
[SourceTitle "playchess.com"]
[Source "ChessBase"]
[SourceQuality "1"]
[TimeControl "40/5400+30:1800+30"]

1. c4 {[%emt 0:00:00]} e5 {[%emt 0:01:30]} 2. Nc3 {[%emt 0:00:00]} Nc6 {[%emt 0:00:52]} 3. Nf3 {[%emt 0:01:02]} g6 {[%emt 0:03:19]} 4. d4 {[%emt 0:01:14]} exd4 {[%emt 0:04:25]} 5. Nxd4 {[%emt 0:00:12]} Bg7 {[%emt 0:00:10]} 6. Nxc6 {[%emt 0:01:23]} Bxc3+ {[%emt 0:01:57]} 7. bxc3 {[%emt 0:00:11]} dxc6 {[%emt 0:00:18]} 8. Qd4 {[%emt 0:11:36]} Qxd4 {[%emt 0:08:43]} 9. cxd4 {[%emt 0:00:07]} Nf6 {[%emt 0:00:27]} 10. Bf4 {[%emt 0:01:40]} Be6 {[%emt 0:00:35]} 11. e3 {[%emt 0:01:37]} Rc8 {[%emt 0:01:00]} 12. h3 {[%emt 0:12:48]} O-O {[%emt 0:08:20]} 13. Be2 {[%emt 0:01:47]} Ne4 {[%emt 0:09:45]} 14. a4 {[%emt 0:19:11]} c5 {[%emt 0:04:41]} 15. d5 {[%emt 0:03:11]} Bd7 {[%emt 0:00:42]} 16. Ra3 {[%emt 0:02:51]} Nd6 {[%emt 0:03:13]} 17. a5 {[%emt 0:05:19]} f6 {[%emt 0:04:00]} 18. O-O {[%emt 0:01:57]} Kf7 {[%emt 0:06:42]} 19. Rb1 {[%emt 0:01:15]} Rb8 {[%emt 0:00:10]} 20. f3 {[%emt 0:01:53]} g5 {[%emt 0:06:03]} 21. Bh2 {[%emt 0:00:59]} Rfe8 {[%emt 0:00:27]} 22. Kf2 {[%emt 0:00:34]} Ke7 {[%emt 0:01:48]} 23. Bd3 {[%emt 0:02:30]} h6 {[%emt 0:00:10]} 24. g4 {[%emt 0:02:10]} Kd8 {[%emt 0:02:01]} 25. Bg3 {[%emt 0:03:59]} Ke7 {[%emt 0:03:16]} 26. h4 {[%emt 0:01:13]} Rh8 {[%emt 0:01:03]} 27. Kg2 {[%emt 0:02:46]} Rhe8 {[%emt 0:01:19]} 28. hxg5 {[%emt 0:02:03]} hxg5 {[%emt 0:01:14]} 29. Rh1 {[%emt 0:00:26]} Rh8 {[%emt 0:00:18]} 30. Raa1 {[%emt 0:01:17]} Rbg8 {[%emt 0:01:49]} 31. e4 {[%emt 0:05:50]} c6 {[%emt 0:20:17]} 32. e5 {[%emt 0:04:26]} fxe5 {[%emt 0:00:02]} 33. Bxe5 {[%emt 0:00:25]} Rxh1 {[%emt 0:00:10]} 34. Rxh1 {[%emt 0:00:14]} cxd5 {[%emt 0:00:38]} 35. cxd5 {[%emt 0:00:37]} c4 {[%emt 0:04:05]} 36. Rh7+ {[%emt 0:03:18]} Ke8 {[%emt 0:00:05]} 37. Be2 {[%emt 0:02:25]} Nf7 {[%emt 0:00:16]} 38. Bd4 {[%emt 0:01:09]} Bb5 {[%emt 0:00:56]} 39. Bxa7 {[%emt 0:00:50]} Rh8 {[%emt 0:00:54]} 40. Rg7 {[%emt 0:01:14]} Kf8 {[%emt 0:01:12]} 41. Rg6 {[%emt 0:06:21]} Rh6 {[%emt 0:05:30]} 42. Bc5+ {[%emt 0:01:22]} Ke8 {[%emt 0:00:01]} 43. Rg8+ {[%emt 0:01:51]} Kd7 {[%emt 0:00:02]} 44. Rg7 {[%emt 0:01:22]} Ke8 {[%emt 0:00:20]} 45. Bd1 {[%emt 0:04:40]} Ra6 {[%emt 0:03:20]} 46. Bc2 {[%emt 0:04:00]} Ne5 {[%emt 0:04:09]} 47. Re7+ {[%emt 0:00:12]} 1-0

[Event "32nd GER-ch Seniors-50 2020"]
[Site "Magdeburg"]
[Date "2020.08.20"]
[Round "7.7"]
[White "Doeserich, Juergen"]
[Black "Schatz, Christian"]
[Result "0-1"]
[WhiteElo "2034"]
[BlackElo "2162"]
[Annotator "ChessBase"]
[PlyCount "91"]
[EventDate "2020.08.14"]
[EventType "swiss"]
[EventCountry "GER"]
[SourceTitle "playchess.com"]
[Source "ChessBase"]
[SourceQuality "1"]
[TimeControl "40/5400+30:1800+30"]

1. d4 {[%emt 0:00:00]} Nf6 {[%emt 0:00:00]} 2. c4 {[%emt 0:00:00]} c5 {[%emt 0:00:17]} 3. d5 {[%emt 0:00:00]} b5 {[%emt 0:00:04]} 4. cxb5 {[%emt 0:00:00]} a6 {[%emt 0:00:05]} 5. bxa6 {[%emt 0:00:17]} Bxa6 {[%emt 0:00:16]} 6. Nc3 {[%emt 0:00:09]} d6 {[%emt 0:00:58]} 7. e4 {[%emt 0:00:35]} Qa5 {[%emt 0:01:27]} 8. Bxa6 {[%emt 0:04:00]} Qxa6 {[%emt 0:01:01]} 9. Qe2 {[%emt 0:01:02]} g6 {[%emt 0:00:13]} 10. Nf3 {[%emt 0:05:14]} Bg7 {[%emt 0:01:03]} 11. Nb5 {[%emt 0:04:17]} O-O {[%emt 0:00:40]} 12. a4 {[%emt 0:00:17]} Nbd7 {[%emt 0:00:45]} 13. Ra3 {[%emt 0:03:07]} Rfc8 {[%emt 0:10:51]} 14. b3 {[%emt 0:07:56]} Nb6 {[%emt 0:10:59]} 15. a5 {[%emt 0:13:07]} Nbd7 {[%emt 0:01:41]} 16. Nd2 {[%emt 0:06:14]} Ne8 {[%emt 0:03:41]} 17. Nb1 {[%emt 0:04:34]} c4 {[%emt 0:05:23]} 18. bxc4 {[%emt 0:03:42]} Ne5 {[%emt 0:00:17]} 19. N1c3 {[%emt 0:10:50]} Nxc4 {[%emt 0:01:32]} 20. Ra4 {[%emt 0:02:55]} Nxa5 {[%emt 0:06:57]} 21. Bd2 {[%emt 0:00:53]} Qb7 {[%emt 0:02:59]} 22. O-O {[%emt 0:02:29]} Nb3 {[%emt 0:01:15]} 23. Rxa8 {[%emt 0:01:37]} Qxa8 {[%emt 0:00:23]} 24. Rb1 {[%emt 0:03:25]} Nxd2 {[%emt 0:00:33]} 25. Qxd2 {[%emt 0:00:02]} Qa5 {[%emt 0:03:35]} 26. Rc1 {[%emt 0:02:47]} Qb4 {[%emt 0:00:56]} 27. Qd3 {[%emt 0:07:02]} Qb2 {[%emt 0:06:02]} 28. Qb1 {[%emt 0:00:43]} Qxb1 {[%emt 0:03:25]} 29. Rxb1 {[%emt 0:00:02]} Rxc3 {[%emt 0:00:35]} 30. Nxc3 {[%emt 0:00:06]} Bxc3 {[%emt 0:00:05]} 31. Rb8 {[%emt 0:00:52]} Kf8 {[%emt 0:00:08]} 32. g4 {[%emt 0:01:09]} g5 {[%emt 0:01:30]} 33. f3 {[%emt 0:02:46]} e6 {[%emt 0:04:05]} 34. dxe6 {[%emt 0:01:05]} fxe6 {[%emt 0:00:06]} 35. Kf2 {[%emt 0:01:00]} Be5 {[%emt 0:04:23]} 36. Rb7 {[%emt 0:00:54]} h6 {[%emt 0:02:46]} 37. h3 {[%emt 0:00:44]} Nf6 {[%emt 0:00:27]} 38. Ke3 {[%emt 0:03:28]} Ng8 {[%emt 0:00:31]} 39. h4 {[%emt 0:02:40]} Bf4+ {[%emt 0:00:40]} 40. Kf2 {[%emt 0:00:47]} gxh4 {[%emt 0:00:29]} 41. Kg2 {[%emt 0:30:12]} Ne7 {[%emt 0:31:22]} 42. Kh3 {[%emt 0:01:06]} Ng6 {[%emt 0:01:51]} 43. g5 {[%emt 0:01:53]} hxg5 {[%emt 0:03:24]} 44. Kg4 {[%emt 0:00:09]} Ne5+ {[%emt 0:00:26]} 45. Kh5 {[%emt 0:00:09]} h3 46. Rb8+ 0-1

[Event "32nd GER-ch Seniors-50 2020"]
[Site "Magdeburg"]
[Date "2020.08.20"]
[Round "7.8"]
[White "Zuehlke, Burkhard"]
[Black "Noldt, Torsten"]
[Result "0-1"]
[WhiteElo "2005"]
[BlackElo "2002"]
[Annotator "ChessBase"]
[PlyCount "77"]
[EventDate "2020.08.14"]
[EventType "swiss"]
[EventCountry "GER"]
[SourceTitle "playchess.com"]
[Source "ChessBase"]
[SourceQuality "1"]
[TimeControl "40/5400+30:1800+30"]

1. d4 {[%emt 0:00:00]} c5 {[%emt 0:00:07]} 2. d5 {[%emt 0:00:00]} Nf6 {[%emt 0:00:22]} 3. c4 {[%emt 0:00:10]} b5 {[%emt 0:00:54]} 4. Nf3 {[%emt 0:00:53]} g6 {[%emt 0:01:54]} 5. cxb5 {[%emt 0:03:07]} a6 {[%emt 0:01:18]} 6. e4 {[%emt 0:00:45]} d6 {[%emt 0:04:20]} 7. Nc3 {[%emt 0:01:12]} axb5 {[%emt 0:02:38]} 8. Bxb5+ {[%emt 0:00:48]} Bd7 {[%emt 0:00:44]} 9. Bc4 {[%emt 0:01:43]} Bg7 {[%emt 0:01:25]} 10. O-O {[%emt 0:04:51]} O-O {[%emt 0:01:54]} 11. h3 {[%emt 0:09:53]} Qb6 {[%emt 0:15:06]} 12. Qe2 {[%emt 0:06:20]} Bc8 {[%emt 0:03:08]} 13. e5 {[%emt 0:01:16]} Ne8 {[%emt 0:00:51]} 14. Bg5 {[%emt 0:06:56]} f6 {[%emt 0:01:52]} 15. exf6 {[%emt 0:00:18]} exf6 {[%emt 0:00:39]} 16. Bf4 {[%emt 0:05:10]} Ba6 {[%emt 0:06:30]} 17. Nb5 {[%emt 0:02:49]} Nd7 {[%emt 0:06:44]} 18. a4 {[%emt 0:03:37]} Ne5 {[%emt 0:05:50]} 19. Bxe5 {[%emt 0:04:04]} fxe5 {[%emt 0:04:03]} 20. Ng5 {[%emt 0:00:15]} Bxb5 {[%emt 0:06:41]} 21. Bxb5 {[%emt 0:01:34]} Nc7 {[%emt 0:00:27]} 22. Bc6 {[%emt 0:00:23]} Rab8 {[%emt 0:01:06]} 23. a5 {[%emt 0:07:34]} Qa6 {[%emt 0:09:00]} 24. Qxa6 {[%emt 0:01:00]} Nxa6 {[%emt 0:00:06]} 25. Ne4 {[%emt 0:00:30]} Rfd8 {[%emt 0:03:23]} 26. g4 {[%emt 0:07:02]} Rb4 {[%emt 0:02:19]} 27. f3 {[%emt 0:00:56]} h6 {[%emt 0:01:52]} 28. Rf2 {[%emt 0:03:27]} Kf7 {[%emt 0:04:56]} 29. h4 {[%emt 0:06:49]} Ke7 {[%emt 0:01:00]} 30. Ra4 {[%emt 0:05:05]} Rb3 {[%emt 0:00:35]} 31. h5 {[%emt 0:04:54]} Rdb8 {[%emt 0:03:49]} 32. hxg6 {[%emt 0:05:22]} Rxb2 {[%emt 0:02:55]} 33. Kg2 Rxf2+ {[%emt 0:05:13]} 34. Kxf2 {[%emt 0:00:55]} Bf6 {[%emt 0:00:19]} 35. Ke2 {[%emt 0:05:34]} Bg5 {[%emt 0:01:50]} 36. Kd3 {[%emt 0:01:14]} Rb3+ {[%emt 0:00:30]} 37. Kc4 {[%emt 0:00:52]} Rxf3 {[%emt 0:01:14]} 38. Kb5 {[%emt 0:00:54]} Nb8 {[%emt 0:00:02]} 39. a6 0-1